000 00682nam a22002057a 4500
005 20251108164240.0
008 250721s1987 xx 000 0 ara d
082 1 4 _a338.91724/شنا
100 1 _aشنايدر، برتران
245 1 0 _aثورة حفاة الأقدام :
_bتقرير إلى نادي روما /
264 1 _aعمان :
_bمنتدى الفكر العربي،
_c1987.
300 _a346ص
490 0 _aسلسة الترجمان الدولية
650 1 7 _aالبلدان النامية
650 1 7 _aالإقتصاد
650 1 7 _aالتخطيط الإقتصادي
650 1 7 _aالسياسة الإقتصادية
942 _2ddc
_cBK
999 _c7440
_d7440